Normal view
MARC view
Entry Geographic Name
001 - CONTROL NUMBER
- control field: 29396
003 - CONTROL NUMBER IDENTIFIER
- control field: ARRUPE
005 - DATE AND TIME OF LATEST TRANSACTION
- control field: 20170316094328.0
008 - FIXED-LENGTH DATA ELEMENTS
- fixed length control field: 170316|| aca||aabn | a|a d
040 ## - CATALOGING SOURCE
- Original cataloging agency: ARRUPE
- Transcribing agency: ARRUPE
151 ## - HEADING--GEOGRAPHIC NAME
- Geographic name: Commonwealth countries
- General subdivision: In literature.
670 ## - SOURCE DATA FOUND
- Source citation: Work cat.: (ARRUPE)0: Moore-Gilbert, B. J., 1952- 29389, Postcolonial life-writing :, 2009.